Protecting nature : organizations and networks in Europe and the USA
Αποθηκεύτηκε σε:
| Άλλοι συγγραφείς: | , |
|---|---|
| Μορφή: | Βιβλίο |
| Γλώσσα: | English |
| Δημοσίευση: |
Cheltenham, UK :
Edward Elgar,
c2007
|
| Θέματα: | |
| Ετικέτες: |
Προσθήκη ετικέτας
Δεν υπάρχουν, Καταχωρήστε ετικέτα πρώτοι!
|
MARC
| LEADER | 00000nam a2200000 i 4500 | ||
|---|---|---|---|
| 001 | 1/91505 | ||
| 008 | 080725s2007 eng d | ||
| 020 | |a 978-1-84542-970-6 | ||
| 035 | |l 10099203 | ||
| 040 | |a GR-MY-UA |b gre |e aacr | ||
| 041 | 0 | |a eng | |
| 082 | 0 | |a 333.7206 |2 (22) | |
| 245 | 1 | 0 | |a Protecting nature : |b organizations and networks in Europe and the USA / |c edited by C.S.A. (Kris) van Koppen and William T. Markham |
| 260 | |a Cheltenham, UK : |b Edward Elgar, |c c2007 | ||
| 300 | |a xiii, 297 σ.; |c 24 εκ. | ||
| 504 | |a Περιέχει βιβλιογραφικές παραπομπές και ευρετήριο | ||
| 650 | 0 | 0 | |a Nature conservation |z Europe |x Societies, etc. |x Directories. |
| 650 | 0 | 0 | |a Nature conservation |z United States |x Societies, etc. |x Directories. |
| 700 | 1 | |a Koppen, C. S. A. van |d 1953- |4 edt | |
| 700 | 1 | |a Markham, William T. |d 1946- |4 edt | |
| 852 | |a INST |b LESVOS |e 20080725 |h 333.7206 PRO |p 005100041865 |q 005100041865 |t BK |y 0 | ||
| 901 | |a BIBL1-2008-2 | ||
| 909 | |a Λ |b 151513 | ||
| 922 | |a 1ΕΛΗ |b 200803 |c ΕΠΕΑΕΚ2/ΤΠ |d ΠΑΠΑΣΩΤΗΡΙΟΥ | ||
| 970 | |a ΚΑΡΑ |b ΓΙΑΣΕΜΗ |z 2008/07/25 | ||